00482nam a2200181Ia 450000100060000000300070000600800410001302000150005404000110006908000150008010000210009524500630011626000120017926000210019126000100021230000150022265300630023711668GE_BSU181216s||||||||xx |||||||||||||| ||und|| a9787553364 cGE_BSU a821.111-31 aMaguire,Gregory. aWicked:The life and times of the Wicked Witch of the west. aLondon. bHeadline Review. c2006. a495p;20cm. aWicked:The life and times of the Wicked Witch of the west.